Magyarországi Kárpátegylet évkönyve
Ročenka prináša materiály z valných zhromaždení spolku a správy o činnosti jeho jednotlivých sekcií. Štúdie a články sú zamerané na problematiku turistiky a cestovného ruchu v Tatrách, ale i všeobecne v Uhorsku, ďalej sa tam nachádzajú úvahy o význame športu, informácie o činnosti spolkov príbuzného...
| Nový názov: | Turistik und Alpinismus |
|---|---|
| Médium: | Seriál |
| Jazyk: | maďarčina nemčina |
| PhysicalDescription: | 44 zv. 22 cm |
| Vydavateľské údaje: |
Kasaa
Magyarországi Kárpátegylet
1874-1917
Késmark [Magyarországi Kárpátegylet] Löcse Igló |
| Predmet: | |
| On-line prístup: | http://tinyurl.com/475g8s |
MARC
| LEADER | 00000cas a2200000 a 4500 | ||
|---|---|---|---|
| 001 | vtls010680199 | ||
| 003 | SK-MaSNL | ||
| 005 | 20260228163456.0 | ||
| 008 | 221130d18741917xo ar 0 b0hun | ||
| 040 | |a BA001 |b slo |c BA001 |d SNMK |d SNK |e AACR2 | ||
| 041 | 0 | |a hun |a ger | |
| 043 | |a e-xo--- | ||
| 044 | |a xo |c SK | ||
| 072 | 7 | |a 061.2 |x Nevládne organizácie a kooperácia |2 konspekt | |
| 072 | 7 | |a 338.3/.4 |x Hospodárske a výrobné odvetvia |2 konspekt | |
| 072 | 7 | |a 9 |x Geografia. Biografické štúdie. Dejiny |2 konspekt | |
| 080 | |a 796.5 |2 2011 | ||
| 080 | |a 061.2 |2 2011 | ||
| 080 | |a (058) |2 2011 | ||
| 080 | |a 338.48 |2 2011 | ||
| 080 | |a (439.2) |2 2011 | ||
| 080 | |a 908 |2 2011 | ||
| 245 | 0 | 0 | |a Magyarországi Kárpátegylet évkönyve |
| 246 | 1 | 1 | |a Jahrbuch des Ungarischen Karpathen-Vereins |
| 246 | 1 | 3 | |a Magyarországi Kárpátegyesület évkönyve |f 1881-1917 |
| 260 | |a Kasaa |b Magyarországi Kárpátegylet |c 1874-1917 | ||
| 260 | 2 | |3 1875-1883 |a Késmark |b Magyarországi Kárpátegylet | |
| 260 | 2 | |3 [1884]-1890 |a Löcse |b [Magyarországi Kárpátegylet] | |
| 260 | 3 | |3 1891-1917 |a Igló |b [Magyarországi Kárpátegylet] | |
| 300 | |a 44 zv. |c 22 cm | ||
| 310 | |a 1x ročne | ||
| 362 | 0 | |a Évf. I (1874)-Évf. XLIV (1917) | |
| 500 | |a Od r. 1884 vychádza v osobitných zväzkoch nemecká a maďarská mutácia ročenky | ||
| 500 | |a Rok 1882 vychádzal 4x ročne, rok 1883 vychádzal 3x ročne | ||
| 504 | |a Bibliogr. odkazy | ||
| 515 | |a Na konci zv. v r. 1895 obsahový register ročeniek (roč. 1-20), má samostatné číslovanie | ||
| 520 | |a Ročenka prináša materiály z valných zhromaždení spolku a správy o činnosti jeho jednotlivých sekcií. Štúdie a články sú zamerané na problematiku turistiky a cestovného ruchu v Tatrách, ale i všeobecne v Uhorsku, ďalej sa tam nachádzajú úvahy o význame športu, informácie o činnosti spolkov príbuzného zamerania v Uhorsku i v Európe, o literatúre z oblasti turistiky a pod. V ďalšom okruhu príspevkov prezentujú členovia spolku výsledky vedeckých bádaní z rôznych oblastí prírodných vied. V najväčšej miere sú zastúpené jednotlivé disciplíny geografie, ale aj meteorológia, geológia, botanika a zoológia. Osobitnú skupinu tvoria príspevky vlastivedno-turistického charakteru, ktoré jednotlivé lokality charakterizujú nielen zo širšieho geografického hľadiska, ale prinášajú i množstvo informácií z dejín, kultúrnych pamätihodností, nárdopisných osobitostí, hospodársta alebo tiež informácie o faune a flóre. Veľká časť príspevkov hodnotí pomery v Spišskej župe, mnohé z nich sa však zaoberajú aj ďalšími oblasťami nachádzajúcimi sa nielen na území dnešného Slovenska, napr. Liptovskou, Oravskou, Gemerskou či Šarišskou župou ale i oblasťami mimo neho | ||
| 546 | |a Súbežný text v nem. | ||
| 610 | 2 | 7 | |a Uhorský karpatský spolok |2 SNKKA |9 31635 |
| 650 | 0 | 7 | |a spolky |2 SNKPH |9 4725 |
| 650 | 0 | 7 | |a turistika |2 SNKPH |9 683 |
| 650 | 0 | 7 | |a Associations |2 SNKPHeng |9 266329 |
| 650 | 0 | 7 | |a Touring |2 SNKPHeng |9 274113 |
| 650 | 0 | 7 | |a cestovný ruch |2 SNKPH |9 999 |
| 650 | 0 | 7 | |a Tourism |2 SNKPHeng |9 266335 |
| 650 | 0 | 7 | |a vlastiveda |2 SNKPH |9 3887 |
| 650 | 0 | 7 | |a History and geography |2 SNKPHeng |9 265657 |
| 655 | 7 | |a ročenky |2 SNKPH |9 57146 | |
| 655 | 7 | |a Yearbooks |2 SNKPHeng |9 120938 | |
| 752 | |a Slovensko |d Košice | ||
| 752 | |a Slovensko |d Kežmarok | ||
| 752 | |a Slovensko |d Levoča | ||
| 752 | |a Slovensko |d Spišská Nová Ves | ||
| 775 | 0 | |t Jahrbuch des Ungarischen Karpathen - Vereines |w vtls001432898 | |
| 785 | 0 | 0 | |t Turistik und Alpinismus |w vtls001472070 |
| 852 | |a snk |b Zaiova knižnica: Zay 17057-17060 |p ČSC 181/1877-1880 D2 | ||
| 852 | |a snk |b Zaiova knižnica: Zay 17061-17064 |p ČSC 181/1882 D2 | ||
| 852 | |a snk |b Zaiova knižnica: Zay 17065-17067 |p ČSC 181/1883 D2 | ||
| 852 | |a snk |b Zaiova knižnica: Zay 17068-17072 |p ČSC 181/1888 D1 | ||
| 856 | 4 | 1 | |u http://tinyurl.com/475g8s |
| 910 | |a snmk | ||
| 910 | |a snk | ||
| 916 | |a 1874-1917 | ||
| 999 | |c 9507 |d 11437 | ||
| 952 | |0 0 |1 0 |4 0 |7 0 |a SNK |b SNK |d 2022-09-12 |f 1 |i snk 2128/29 |l 0 |o snkČSC 181/33/1906 |p 17A0736148 |r 2026-02-21 20:03:33 |w 2026-02-21 |y PREZ | ||
| 952 | |0 0 |1 0 |4 0 |7 0 |a SNK |b SNK |d 2022-09-12 |f 1 |l 0 |o snkČSC 181/35/1908 |p 17A0736146 |r 2026-02-21 20:03:33 |w 2026-02-21 |y PREZ | ||
| 952 | |0 0 |1 0 |4 0 |7 0 |8 1 |a SNK |b SNK |d 2022-10-06 |i snkD 513/65 |l 0 |o snkČSC 181/11/1884 D2 |p 17A1463126 |r 2026-02-21 20:03:38 |t zošit 2-4, neúplné |w 2026-02-21 |y PREZ |z Zo sekundárnych prameňov nie je možné zistiť, či bol vydaný aj zošit 1. ; ; chýbajú strany I-XVI, ktoré sú súčasťou II. füzetu ; ; | ||
| 952 | |0 0 |1 0 |4 0 |7 0 |a SNK |b SNK |d 2022-10-06 |l 0 |o snkČSC 181/11/1884 D3 |p 17A1463127 |r 2026-02-21 20:03:39 |t zošit 2-4, neúplné |w 2026-02-21 |y PREZ |z Zo sekundárnych prameňov nie je možné zistiť, či bol vydaný aj zošit 1. ; ; chýbajú strany I-XVI, ktoré sú súčasťou II. füzetu ; ; ; ; ; | ||
| 952 | |0 0 |1 0 |4 0 |7 0 |a SNK |b SNK |d 2022-09-12 |f 1 |i snk 2125/29 |l 0 |o snkČSC 181/28/1901 |p 17A0736150 |r 2026-02-21 20:12:08 |w 2026-02-21 |y PREZ | ||
| 952 | |0 0 |1 0 |4 0 |7 0 |a SNK |b SNK |d 2022-09-12 |f 1 |i snkIII. 1870/44 |l 0 |o snkČSC 181/29/1902 |p 17A0736149 |r 2026-02-21 20:12:08 |w 2026-02-21 |y PREZ | ||
| 952 | |0 0 |1 0 |4 0 |7 0 |a SNK |b SNK |d 2003-02-24 |f 1 |i snk 2107/29 |l 0 |o snkČSC 181/11/1884 |p 17A0373228 |r 2005-01-02 00:00:00 |t zošit 2-4, neúplné |w 2026-02-21 |y PREZ |z Zo sekundárnych prameňov nie je možné zistiť, či bol vydaný aj zošit 1 | ||
| 952 | |0 0 |1 0 |4 0 |7 0 |a SNK |b SNK |d 2005-02-15 |i snkD 521/65 |l 0 |o snkČSC 181/1/1874 D2 |p 17A0351788 |r 2026-02-21 20:15:46 |w 2026-02-21 |y PREZ | ||
| 952 | |0 0 |1 0 |4 0 |7 0 |8 3 |a SNK |b SNK |d 2003-02-14 |f 1 |i snkČSK 386/58 |l 0 |o snkČSC 181/41/1914 |p 17A0373330 |r 2005-01-02 00:00:00 |w 2026-02-21 |y PREZ | ||
| 952 | |0 0 |1 0 |4 0 |7 0 |a SNK |b SNK |d 2003-02-18 |f 1 |i snk 2114/29 |l 0 |o snkČSC 181/43/1916 |p 17A0373823 |r 2005-01-02 00:00:00 |w 2026-02-21 |y PREZ | ||
| 952 | |0 0 |1 0 |4 0 |7 0 |a SNK |b SNK |d 2003-02-18 |f 1 |i snk 1794/32 |l 0 |o snkČSC 181/44/1917 |p 17A0373825 |r 2005-01-02 00:00:00 |w 2026-02-21 |y PREZ | ||
| 952 | |0 0 |1 0 |4 0 |7 0 |a SNK |b SNK |d 2003-02-24 |f 1 |i snk 2105/29 |l 0 |o snkČSC 181/9/1882 |p 17A0373230 |r 2005-01-02 00:00:00 |w 2026-02-21 |y PREZ | ||
| 952 | |0 0 |1 0 |4 0 |7 0 |a SNK |b SNK |d 2003-02-24 |f 1 |i snk 2106/29 |l 0 |o snkČSC 181/10/1883 |p 17A0373229 |r 2005-01-02 00:00:00 |w 2026-02-21 |y PREZ | ||
| 952 | |0 0 |1 0 |4 0 |7 0 |a SNK |b SNK |d 2003-02-28 |f 1 |i snk 2108/29 |l 0 |o snkČSC 181/12/1885 |p 17A0376084 |r 2005-01-02 00:00:00 |w 2026-02-21 |y PREZ | ||
| 952 | |0 0 |1 0 |4 0 |7 0 |a SNK |b SNK |d 2003-02-28 |f 1 |i snk 2109/29 |l 0 |o snkČSC 181/13/1886 |p 17A0376082 |r 2005-01-02 00:00:00 |w 2026-02-21 |y PREZ | ||
| 952 | |0 0 |1 0 |4 0 |7 0 |a SNK |b SNK |d 2003-02-28 |f 1 |i snk 2110/29 |l 0 |o snkČSC 181/14/1887 |p 17A0376078 |r 2005-01-02 00:00:00 |w 2026-02-21 |y PREZ | ||
| 952 | |0 0 |1 0 |4 0 |7 0 |a SNK |b SNK |d 2003-02-28 |f 1 |i snk 2111/29 |l 0 |o snkČSC 181/15/1888 |p 17A0373236 |r 2005-01-02 00:00:00 |w 2026-02-21 |y PREZ | ||
| 952 | |0 0 |1 0 |4 0 |7 0 |8 2 |a SNK |b SNK |d 2003-02-28 |f 1 |i snkV 1551/64 |l 0 |o snkČSC 181/17/1890 |p 17A0376081 |r 2005-01-02 00:00:00 |w 2026-02-21 |y PREZ | ||
| 952 | |0 0 |1 0 |4 0 |7 0 |a SNK |b SNK |d 2003-02-28 |f 2 |i snk 2115/29 |l 0 |o snkČSC 181/18/1891 |p 17A0376080 |r 2005-01-02 00:00:00 |w 2026-02-21 |y PREZ |z Zdigitalizované pod sign. snkIC 142900 umiestnené v Historických kniž. fondoch | ||
| 952 | |0 0 |1 0 |4 0 |7 0 |a SNK |b SNK |d 2003-02-28 |f 1 |i snk 2116/29 |l 0 |o snkČSC 181/19/1892 |p 17A0373632 |r 2005-01-02 00:00:00 |w 2026-02-21 |y PREZ | ||
| 952 | |0 0 |1 0 |4 0 |7 0 |a SNK |b SNK |d 2003-02-28 |f 1 |i snk 2117/29 |l 0 |o snkČSC 181/20/1893 |p 17A0373815 |r 2005-01-02 00:00:00 |w 2026-02-21 |y PREZ | ||
| 952 | |0 0 |1 0 |4 0 |7 0 |a SNK |b SNK |d 2003-02-28 |f 1 |i snk 2118/29 |l 0 |o snkČSC 181/21/1894 |p 17A0376023 |r 2005-01-02 00:00:00 |w 2026-02-21 |y PREZ | ||
| 952 | |0 0 |1 0 |4 0 |7 0 |a SNK |b SNK |d 2003-02-28 |f 1 |i snk 2119/29 |l 0 |o snkČSC 181/22/1895 |p 17A0376004 |r 2005-01-02 00:00:00 |w 2026-02-21 |y PREZ | ||
| 952 | |0 0 |1 0 |4 0 |7 0 |a SNK |b SNK |d 2003-02-28 |f 1 |i snk 2120/29 |l 0 |o snkČSC 181/23/1896 |p 17A0373205 |r 2005-01-02 00:00:00 |w 2026-02-21 |y PREZ | ||
| 952 | |0 0 |1 0 |4 0 |7 0 |a SNK |b SNK |d 2003-02-28 |f 1 |i snk 2121/29 |l 0 |o snkČSC 181/24/1897 |p 17A0373235 |r 2005-01-02 00:00:00 |w 2026-02-21 |y PREZ | ||
| 952 | |0 0 |1 0 |4 0 |7 0 |a SNK |b SNK |d 2003-02-28 |f 1 |i snk 2122/29 |l 0 |o snkČSC 181/25/1898 |p 17A0373234 |r 2005-01-02 00:00:00 |w 2026-02-21 |y PREZ | ||
| 952 | |0 0 |1 0 |4 0 |7 0 |a SNK |b SNK |d 2003-02-28 |f 1 |i snk 2123/29 |l 0 |o snkČSC 181/26/1899 |p 17A0376079 |r 2005-01-02 00:00:00 |w 2026-02-21 |y PREZ | ||
| 952 | |0 0 |1 0 |4 0 |7 0 |a SNK |b SNK |d 1998-05-27 |f 1 |i snk 2098/29 |l 0 |o snkČSC 181/1/1874 |p 17A0139508 |r 2005-01-02 00:00:00 |w 2026-02-21 |y PREZ | ||
| 952 | |0 0 |1 0 |4 0 |7 0 |a SNK |b SNK |d 2002-02-06 |l 0 |o snkČSC 181/1/1874 D1 |p 17A0330805 |r 2005-01-02 00:00:00 |w 2026-02-21 |y PREZ | ||
| 952 | |0 0 |1 0 |4 0 |7 0 |a SNK |b SNK |d 2002-05-20 |f 1 |i snk 2112/29 |l 0 |o snkČSC 181/16/1889 |p 17A0341623 |r 2005-01-02 00:00:00 |w 2026-02-21 |y PREZ | ||
| 952 | |0 0 |1 0 |4 0 |7 0 |a SNK |b SNK |d 2002-11-12 |f 1 |i snk 1795/32 |l 0 |o snkČSC 181/30/1903 |p 17A0364531 |r 2005-01-02 00:00:00 |w 2026-02-21 |y PREZ | ||
| 952 | |0 0 |1 0 |4 0 |7 0 |a SNK |b SNK |d 2002-11-12 |f 1 |i snk 2126/29 |l 0 |o snkČSC 181/31/1904 |p 17A0364532 |r 2005-01-02 00:00:00 |w 2026-02-21 |y PREZ | ||
| 952 | |0 0 |1 0 |4 0 |7 0 |a SNK |b SNK |d 2002-11-12 |f 1 |i snk 2127/29 |l 0 |o snkČSC 181/32/1905 |p 17A0364423 |r 2005-01-02 00:00:00 |w 2026-02-21 |y PREZ | ||
| 952 | |0 0 |1 0 |4 0 |7 0 |a SNK |b SNK |d 2002-11-27 |l 0 |o snkČSC 181/33/1906 D1 |p 17A0366955 |r 2005-01-02 00:00:00 |w 2026-02-21 |y PREZ | ||
| 952 | |0 0 |1 0 |4 0 |7 0 |a SNK |b SNK |d 2002-11-27 |l 0 |o snkČSC 181/34/1907 D1 |p 17A0366812 |r 2005-01-02 00:00:00 |w 2026-02-21 |y PREZ | ||
| 952 | |0 0 |1 0 |4 0 |7 0 |a SNK |b SNK |d 2003-02-14 |f 1 |l 0 |o snkČSC 181/36/1909 |p 17A0373327 |r 2005-01-02 00:00:00 |w 2026-02-21 |y PREZ | ||
| 952 | |0 0 |1 0 |4 0 |7 0 |a SNK |b SNK |d 2003-02-14 |f 1 |l 0 |o snkČSC 181/37/1910 |p 17A0373328 |r 2005-01-02 00:00:00 |w 2026-02-21 |y PREZ | ||
| 952 | |0 0 |1 0 |4 0 |7 0 |a SNK |b SNK |d 2003-02-14 |f 1 |i snk 2129/29 |l 0 |o snkČSC 181/38/1911 |p 17A0373260 |r 2005-01-02 00:00:00 |w 2026-02-21 |y PREZ | ||
| 952 | |0 0 |1 0 |4 0 |7 0 |a SNK |b SNK |d 2003-02-14 |f 1 |l 0 |o snkČSC 181/39/1912 |p 17A0373261 |r 2005-01-02 00:00:00 |w 2026-02-21 |y PREZ | ||
| 952 | |0 0 |1 0 |4 0 |7 0 |a SNK |b SNK |d 2003-02-14 |f 1 |i snk 2161/29 |l 0 |o snkČSC 181/40/1913 |p 17A0373329 |r 2005-01-02 00:00:00 |w 2026-02-21 |y PREZ | ||
| 952 | |0 0 |1 0 |4 0 |7 0 |a SNK |b SNK |d 1998-05-27 |f 1 |i snk 2104/29 |l 0 |o snkČSC 181/8/1881 |p 17A0142200 |r 2005-01-02 00:00:00 |w 2026-02-21 |y PREZ | ||
| 952 | |0 0 |1 0 |4 0 |7 0 |a SNK |b SNK |d 1998-05-27 |f 1 |i snk 2103/29 |l 0 |o snkČSC 181/7/1880 |p 17A0142173 |r 2005-01-02 00:00:00 |w 2026-02-21 |y PREZ |z Vlepená príloha: A magas - Tátra látó képe iglóról - Ansicht der hohen Tátra von igló | ||
| 952 | |0 0 |1 0 |4 0 |7 0 |a SNK |b SNK |d 1998-05-27 |f 1 |i snk 2100/29 |l 0 |o snkČSC 181/4/1877 |p 17A0142380 |r 2005-01-02 00:00:00 |w 2026-02-21 |y PREZ | ||
| 952 | |0 0 |1 0 |4 0 |7 0 |a SNK |b SNK |d 1998-05-27 |f 1 |i snk 2101/29 |l 0 |o snkČSC 181/5/1878 |p 17A0142381 |r 2005-01-02 00:00:00 |w 2026-02-21 |y PREZ | ||
| 952 | |0 0 |1 0 |4 0 |7 0 |8 5 |a SNK |b SNK |d 1998-05-27 |f 1 |i snkF 3820/70 |l 0 |o snkČSC 181/6/1879 |p 17A0142382 |r 2005-01-02 00:00:00 |w 2026-02-21 |y PREZ | ||
| 952 | |0 0 |1 0 |4 0 |7 0 |a SNK |b SNK |d 1998-05-27 |f 1 |i snk 2099/29 |l 0 |o snkČSC 181/2/1875 |p 17A0142175 |r 2005-01-02 00:00:00 |w 2026-02-21 |y PREZ | ||
| 952 | |0 0 |1 0 |4 0 |7 0 |8 5 |a SNK |b SNK |d 1998-05-27 |f 1 |i snkČSF 409/56 |l 0 |o snkČSC 181/[3]/1876 |p 17A0142174 |r 2005-01-02 00:00:00 |w 2026-02-21 |y PREZ | ||
| 952 | |0 0 |1 0 |4 0 |7 0 |8 5 |a SNK |b SNK |d 2005-02-15 |i snkVIII. 3335/55 |l 0 |o snkČSC 181/8/1881 D1 |p 17A0351774 |r 2026-02-21 21:10:34 |w 2026-02-21 |y PREZ | ||
| 952 | |0 0 |1 0 |4 0 |7 0 |8 3 |a SNK |b SNK |d 2005-02-15 |i snkČSK 372/58 |l 0 |o snkČSC 181/14/1887 D1 |p 17A0351789 |r 2026-02-21 21:10:35 |w 2026-02-21 |y PREZ | ||
| 952 | |0 0 |1 0 |4 0 |7 0 |8 3 |a SNK |b SNK |d 2005-02-15 |i snkČSK 371/58 |l 0 |o snkČSC 181/13/1886 D1 |p 17A0351778 |r 2026-02-21 21:10:35 |w 2026-02-21 |y PREZ | ||
| 952 | |0 0 |1 0 |4 0 |7 0 |8 1 |a SNK |b SNK |d 2005-02-15 |i snkD 503/65 |l 0 |o snkČSC 181/12/1885 D1 |p 17A0351780 |r 2026-02-21 21:10:39 |w 2026-02-21 |y PREZ | ||
| 952 | |0 0 |1 0 |4 0 |7 0 |8 5 |a SNK |b SNK |d 2005-02-15 |i snkČSF 668/57 |l 0 |o snkČSC 181/11/1884 D1 |p 17A0351777 |r 2026-02-21 21:10:39 |t zošit 2-4, neúplné |w 2026-02-21 |y PREZ |z Zo sekundárnych prameňov nie je možné zistiť, či bol vydaný aj füzet 1. ; ; chýbajú strany I-XVI - ktoré sú súčasťou II. füzetu a füzet III.-IV. | ||
| 952 | |0 0 |1 0 |4 0 |7 0 |8 5 |a SNK |b SNK |d 2005-02-15 |i snkF 1670/68 |l 0 |o snkČSC 181/10/1883 D1 |p 17A0351776 |r 2026-02-21 21:10:39 |w 2026-02-21 |y PREZ | ||
| 952 | |0 0 |1 0 |4 0 |7 0 |8 5 |a SNK |b SNK |d 2005-02-15 |i snkF 3811/70 |l 0 |o snkČSC 181/7/1880 D1 |p 17A0351725 |r 2026-02-21 21:10:40 |w 2026-02-21 |y PREZ | ||
| 952 | |0 0 |1 0 |4 0 |7 0 |8 3 |a SNK |b SNK |d 2005-02-15 |i snkČSK 417/57 |l 0 |o snkČSC 181/6/1879 D1 |p 17A0351710 |r 2026-02-21 21:10:40 |w 2026-02-21 |y PREZ | ||
| 952 | |0 0 |1 0 |4 0 |7 0 |8 5 |a SNK |b SNK |d 2005-02-15 |i snkČSF 408/56 |l 0 |o snkČSC 181/2/1875 D1 |p 17A0351752 |r 2026-02-21 21:10:40 |w 2026-02-21 |y PREZ | ||
| 952 | |0 0 |1 0 |4 0 |7 0 |8 2 |a SNK |b SNK |d 2005-02-15 |i snkV 1552/64 |l 0 |o snkČSC 181/3/1876 D1 |p 17A0351751 |r 2026-02-21 21:10:40 |w 2026-02-21 |y PREZ | ||
| 952 | |0 0 |1 0 |4 0 |7 0 |8 3 |a SNK |b SNK |d 2005-02-15 |i snkČSK 353/58 |l 0 |o snkČSC 181/4/1877 D1 |p 17A0351750 |r 2026-02-21 21:10:40 |w 2026-02-21 |y PREZ | ||
| 952 | |0 0 |1 0 |4 0 |7 0 |8 5 |a SNK |b SNK |d 2005-02-15 |i snkČSF 411/56 |l 0 |o snkČSC 181/5/1878 D1 |p 17A0351749 |r 2026-02-21 21:10:40 |w 2026-02-21 |y PREZ | ||
| 952 | |0 0 |1 0 |4 0 |7 0 |a SNK |b SNK |d 2002-05-14 |l 0 |o snkČSC 181/20/1893 D2 |p 17A0341943 |r 2005-01-02 00:00:00 |w 2026-02-21 |y PREZ | ||
| 952 | |0 0 |1 0 |4 0 |7 0 |a SNK |b SNK |d 2002-10-23 |f 1 |i snk 2124/29 |l 0 |o snkČSC 181/27/1900 |p 17A0360470 |r 2005-01-02 00:00:00 |w 2026-02-21 |y PREZ | ||
| 952 | |0 0 |1 0 |4 0 |7 0 |a SNK |b SNK |d 2003-02-14 |f 1 |i snk 2160/29 |l 0 |o snkČSC 181/42/1915 |p 17A0373331 |r 2005-01-02 00:00:00 |w 2026-02-21 |y PREZ | ||
| 952 | |0 0 |1 0 |4 0 |7 0 |8 5 |a SNK |b SNK |d 2005-02-15 |i snkVIII. 972/55 |l 0 |o snkČSC 181/9/1882 D1 |p 17A0351775 |r 2026-02-21 21:42:42 |w 2026-02-21 |y PREZ | ||
| 952 | |0 0 |1 0 |4 0 |7 0 |8 5 |a SNK |b SNK |d 2019-06-24 |f 1 |i snkVIII. 3394/55 |l 0 |o snkČSC 181/34/1907 |p 17A0736147 |r 2026-02-21 22:14:41 |w 2026-02-21 |y PREZ | ||
| 952 | |0 0 |1 0 |4 0 |7 0 |8 5 |a SNK |b SNK |c SNK_HF |d 2025-01-21 |i snk2025/771 |l 0 |o snkČSC 181/4/1877 D2 |p 17A1488697 |r 2026-02-21 22:34:56 |t Zay 17057 |w 2026-02-21 |y PREZ | ||
| 952 | |0 0 |1 0 |4 0 |7 0 |8 5 |a SNK |b SNK |c SNK_HF |d 2025-01-21 |i snk2025/772 |l 0 |o snkČSC 181/5/1878 |p 17A1488696 |r 2026-02-21 22:35:00 |t Zay 17058 |w 2026-02-21 |y PREZ | ||
| 952 | |0 0 |1 0 |4 0 |7 0 |8 5 |a SNK |b SNK |c SNK_HF |d 2025-01-21 |i snk2025/774 |l 0 |o snkČSC 181/6/1879 D2 |p 17A1488695 |r 2026-02-21 22:35:00 |t Zay 17059 |w 2026-02-21 |y PREZ | ||
| 952 | |0 0 |1 0 |4 0 |7 0 |8 5 |a SNK |b SNK |c SNK_HF |d 2025-01-21 |i snk2025/775 |l 0 |o snkČSC 181/7/1880 D2 |p 17A1488694 |r 2026-02-21 22:35:00 |t Zay 17060 |w 2026-02-21 |y PREZ | ||
| 952 | |0 0 |1 0 |4 0 |7 0 |8 5 |a SNK |b SNK |c SNK_HF |d 2025-01-21 |i snk2025/794 |l 0 |o snkČSC 181/9/1882 D2 |p 17A1488693 |r 2026-02-21 22:35:06 |t Zay 17061-17064 |w 2026-02-21 |y PREZ | ||
| 952 | |0 0 |1 0 |4 0 |7 0 |8 5 |a SNK |b SNK |c SNK_HF |d 2025-01-21 |i snk2025/799 |l 0 |o snkČSC 181/10/1883 D2 |p 17A1489023 |r 2026-02-21 22:35:07 |t Zay 17065-17067 |w 2026-02-21 |y PREZ | ||
| 952 | |0 0 |1 0 |4 0 |7 0 |8 5 |a SNK |b SNK |c SNK_HF |d 2025-01-21 |i snk2025/800 |l 0 |o snkČSC 181/11/1884 |p 17A1489021 |r 2026-02-21 22:35:07 |t Zay 17068 zošit III,IV. |w 2026-02-21 |y PREZ | ||
| 952 | |0 0 |1 0 |4 0 |7 0 |8 5 |a SNK |b SNK |c SNK_HF |d 2025-01-21 |i snk2025/805 |l 0 |o snkČSC 181/12/1885 D2 |p 17A1489022 |r 2026-02-21 22:35:07 |t Zay 17069 |w 2026-02-21 |y PREZ | ||
| 952 | |0 0 |1 0 |4 0 |7 0 |8 5 |a SNK |b SNK |c SNK_HF |d 2025-01-21 |i snk2025/806 |l 0 |o snkČSC 181/13/1886 |p 17A1489020 |r 2026-02-21 22:35:07 |t Zay 17070 |w 2026-02-21 |y PREZ | ||
| 952 | |0 0 |1 0 |4 0 |7 0 |8 5 |a SNK |b SNK |c SNK_HF |d 2025-01-21 |i snk2025/808 |l 0 |o snkČSC 181/14/1887 D2 |p 17A1489019 |r 2026-02-21 22:35:07 |t Zay 17071 |w 2026-02-21 |y PREZ | ||
| 952 | |0 0 |1 0 |4 0 |7 0 |8 5 |a SNK |b SNK |c SNK_HF |d 2025-01-21 |i snk2025/811 |l 0 |o snkČSC 181/15/1888 D1 |p 17A1489018 |r 2026-02-21 22:35:07 |t Zay 17082 |w 2026-02-21 |y PREZ | ||


